000 00577nam a2200193Ia 4500
003 OSt
005 20250619115517.0
008 210210b2009 xxu||||| |||| 00| 0 eng d
040 _cAL
041 _aKannada
082 _aK494.5 SHAK
100 _aSHANKARA BHAT (D N)
_9215523
_dಶಂಕರ ಭಟ್ (ಡಿ ಎನ್)
245 _aKannada vyakarana yake beku?
_bಕನ್ನಡ ವ್ಯಾಕರಣ ಯಾಕೆ ಬೇಕು
260 _aSagara
_bBhasha Prakashana
_c2009
300 _a260
690 _aKannada Grammar
_9215524
906 _a064198
942 _2ddc
_cBK
999 _c140473
_d140473